| 000 | 01303nam a2200229 a 4500 | ||
|---|---|---|---|
| 008 | 091028s2002 ||||||||||||||||| || u | ||
| 020 | _a0620296526 | ||
| 050 | _aHD 9539.C7 Kau | ||
| 100 | _aKaunda, Francis | ||
| 245 | 1 | 0 |
_aSelling the family silver _cFrancis Kaunda |
| 260 |
_aKwazulu, Natal _bInterpak Books _c2002 |
||
| 300 | _a197p.: ill. | ||
| 350 | _a120000.00 | ||
| 500 | _aCover title: Selling the family silver: the Zambian copper mines story. | ||
| 650 | _aCOPPER INDUSTRY AND TRADE--ZAMBIA--HISTORY | ||
| 650 | _aCOPPER | ||
| 650 | _aZAMBIA--COLONIAL INFLUENCE--HISTORY | ||
| 995 |
_aMAIN LIBRARY OPEN ACCESS _D120000.00 _e740363 _FCBU-MAIN LIBRARY (Kitwe) _H1 _I120000.00 _jHD 9539.C7 KAU _M4 _UAVAILABLE _WDec 4, 2009 _y740363 _ZMain Library Open Access Collection |
||
| 995 |
_aMAIN LIBRARY OPEN ACCESS _D120000.00 _e740362 _FCBU-MAIN LIBRARY (Kitwe) _H1 _I120000.00 _jHD 9539.C7 KAU _M3 _UAVAILABLE _WDec 4, 2009 _y740362 _ZMain Library Open Access Collection |
||
| 995 |
_aSPECIAL COLLECTIONS _D120000.00 _e740360 _FCBU-MAIN LIBRARY (Kitwe) _H1 _I120000.00 _jZAM HD 9539.C7 KAU _M1 _UAVAILABLE _WDec 4, 2009 _y740360 _ZZambiana Collection |
||
| 995 |
_aSPECIAL COLLECTIONS _D120000.00 _e740361 _FCBU-MAIN LIBRARY (Kitwe) _H1 _I120000.00 _jZAM HD 9539.C7 KAU _M2 _UAVAILABLE _WDec 4, 2009 _y740361 _ZZambiana Collection |
||
| 999 |
_c80405 _d80405 |
||